Theory & principles of education philosophical & sociological bases of education (Record no. 2115)

MARC details
000 -LEADER
fixed length control field 00644cam a2200205ua 4500
001 - CONTROL NUMBER
control field 2250
005 - DATE AND TIME OF LATEST TRANSACTION
control field 20260515113450.0
008 - FIXED-LENGTH DATA ELEMENTS--GENERAL INFORMATION
fixed length control field 110805n ii |||gr||||Z||||||eng
020 ## - INTERNATIONAL STANDARD BOOK NUMBER
International Standard Book Number 81-259-1293-2
040 ## - CATALOGING SOURCE
Transcribing agency MAIN
082 ## - DEWEY DECIMAL CLASSIFICATION NUMBER
Classification number 370
100 ## - MAIN ENTRY--PERSONAL NAME
Personal name Aggarwal, J. C.,
Relator term Author.
245 1# - TITLE STATEMENT
Title Theory & principles of education philosophical & sociological bases of education
Statement of responsibility, etc. by J. C. Aggarwal
250 ## - EDITION STATEMENT
Edition statement 12th.
260 ## - PUBLICATION, DISTRIBUTION, ETC.
Place of publication, distribution, etc. New Delhi:
Name of publisher, distributor, etc. Vikas publishing house pvt. ltd,
Date of publication, distribution, etc. 2007.
300 ## - PHYSICAL DESCRIPTION
Extent ix; 461p:
Dimensions 23cm.
653 ## - INDEX TERM--UNCONTROLLED
Uncontrolled term Education
653 ## - INDEX TERM--UNCONTROLLED
Uncontrolled term Theory & principles of education philosophical & sociological bases of education
942 ## - ADDED ENTRY ELEMENTS (KOHA)
Koha item type Books
Holdings
Withdrawn status Lost status Damaged status Not for loan Home library Current library Shelving location Date acquired Total checkouts Full call number Barcode Date last seen Copy number Price effective from Koha item type
        Naharkatiya College Library Naharkatiya College Library General stacks 09/19/2020   370 | AGG 18375 09/19/2020 1 09/19/2020 Books